Income Tax Law And Practice (Record no. 16328)
[ view plain ]
| 000 -LEADER | |
|---|---|
| fixed length control field | 00490nam a22001937a 4500 |
| 008 - FIXED-LENGTH DATA ELEMENTS--GENERAL INFORMATION | |
| fixed length control field | 260408b |||||||| |||| 00| 0 eng d |
| 020 ## - INTERNATIONAL STANDARD BOOK NUMBER | |
| International Standard Book Number | 978-93-6440-371-9 |
| 040 ## - CATALOGING SOURCE | |
| Original Cataloguing agency | Sibsagar Commerce College Central Library |
| 041 ## - LANGUAGE CODE | |
| Language code of text/sound track or separate title | English |
| 082 ## - DEWEY DECIMAL CLASSIFICATION NUMBER | |
| Classification number | 336.24 |
| Book Number | GAU |
| 100 ## - MAIN ENTRY--PERSONAL NAME | |
| Personal name | Gaur, V.P., |
| 245 ## - TITLE STATEMENT | |
| Title | Income Tax Law And Practice |
| Statement of responsibility, etc. | By V.P. Gaur . |
| 250 ## - EDITION STATEMENT | |
| Edition statement | 2nd Revised Ed. |
| 260 ## - PUBLICATION, DISTRIBUTION, ETC. | |
| Place of publication, distribution, etc. | New Delhi: |
| Name of publisher, distributor, etc. | Kalyani Publishers ; |
| Date of publication, distribution, etc. | 2026. |
| 300 ## - PHYSICAL DESCRIPTION | |
| Pages | 728p. |
| 650 ## - Subject | |
| Subject | Economics |
| 942 ## - ADDED ENTRY ELEMENTS (KOHA) | |
| Source of classification or shelving scheme | Dewey Decimal Classification |
| Koha item type | Books |
| Withdrawn status | Lost status | Source of classification or shelving scheme | Damaged status | Not for loan | Collection code | Home library | Current library | Shelving location | Date acquired | Source of acquisition | Total Checkouts | Full call number | Barcode | Date due | Date last seen | Date last checked out | Copy number | Cost, replacement price | Price effective from | Koha item type |
|---|---|---|---|---|---|---|---|---|---|---|---|---|---|---|---|---|---|---|---|---|
| Dewey Decimal Classification | Economics | Sibsagar Commerce College Central Library | Sibsagar Commerce College Central Library | General Stacks | 08/04/2026 | Kitap Ghar | 1 | 336.24 GAU | 29107 | 11/05/2026 | 22/04/2026 | 22/04/2026 | 1 | 990.00 | 08/04/2026 | Books | ||||
| Dewey Decimal Classification | Economics | Sibsagar Commerce College Central Library | Sibsagar Commerce College Central Library | General Stacks | 08/04/2026 | Kitap Ghar | 1 | 336.24 GAU | 29108 | 18/05/2026 | 23/04/2026 | 23/04/2026 | 2 | 990.00 | 08/04/2026 | Books | ||||
| Dewey Decimal Classification | Economics | Sibsagar Commerce College Central Library | Sibsagar Commerce College Central Library | General Stacks | 08/04/2026 | Kitap Ghar | 1 | 336.24 GAU | 29109 | 11/05/2026 | 22/04/2026 | 22/04/2026 | 3 | 990.00 | 08/04/2026 | Books | ||||
| Dewey Decimal Classification | Economics | Sibsagar Commerce College Central Library | Sibsagar Commerce College Central Library | General Stacks | 08/04/2026 | Kitap Ghar | 1 | 336.24 GAU | 29110 | 18/05/2026 | 23/04/2026 | 23/04/2026 | 4 | 990.00 | 08/04/2026 | Books |
